| 000 | 00433cam a2200145ua 4500 | ||
|---|---|---|---|
| 041 |
_aeng _h |
||
| 082 |
_a823.308 _bHAR/UN |
||
| 100 | _aHardy, Thomas . | ||
| 245 |
_aUnder the green wood tree or the Mellstock quire : A rural painting of the Dutch scool / _cThomas Hardy. _hTextual Documents |
||
| 260 |
_aLondon : _bMacMillan and Company Limited , _c1960. |
||
| 300 | _a210 ; . | ||
| 504 | _a | ||
| 942 | _cBK | ||
| 999 |
_c3047 _d3047 |
||